00493nam a2200193 a 4500001001300000003000900013005001700022008004100039020001000080082001600090100001500106245004700121260003700168300000900205500003500214505001000249650002500259700001500284nice12345678IN_TiNIC20260116011417.0050524s1963 para grp 000 0 fre  ac10000a297.82bBLO aBlochet, E aLe Messianisme Danslheterodoxie Musullmane aParisbLibrairie Orientalec1963 a192p aincludes index and biblioraphy2 aindex aShiah-Imam-doctrines1 aBlochet, E